| 000 | 00909nac a22002771i 4500 | ||
|---|---|---|---|
| 003 | EG-ScBUE | ||
| 005 | 20250707094711.0 | ||
| 008 | 250625t2007 maua f b 001 0 eng d | ||
| 020 | _a9780618271948 | ||
| 020 | _a0618271945 | ||
| 040 |
_aEG-ScBUE _beng _erda _cEG-ScBUE _dEG-ScBUE |
||
| 082 | 0 | 4 |
_a540 _bSHU _222 |
| 100 | 1 |
_aShultz, Mary Jane, _eauthor. |
|
| 245 | 1 | 0 |
_aChemistry for engineers : _ban applied approach / _cMary Jane Shultz, Tufts University. |
| 264 | 1 |
_aBoston : _bHoughton Mifflin Company, _c[2007] |
|
| 264 | 4 | _cc2007 | |
| 300 |
_a1 volume (various pagings) : _bcolor illustrations ; _c27 cm |
||
| 336 |
_2rdacontent _atext _btxt |
||
| 337 |
_aunmediated _2rdamedia _bn |
||
| 338 |
_avolume _bnc _2rdacarrier |
||
| 500 | _aIncludes Appendices. | ||
| 504 | _aIncludes bibliographical references and index. | ||
| 650 | 7 |
_aChemistry. _2BUEsh |
|
| 655 | _vReading book | ||
| 942 |
_cBB _2ddc |
||
| 999 |
_c1869 _d1869 |
||